Importancia del cuidado preconcepcional para un buen desarrollo fetal (Registro nro. 32797)

Detalles MARC
000 -CABECERA
Longitud fija campo de control 01005nam a22002177a 4500
003 - IDENTIFICADOR DELl NÚMERO DE CONTROL
Identificador del número de control OSt
005 - FECHA Y HORA DE LA ÚLTIMA TRANSACCIÓN
Fecha y hora de la última transacción 20211123110416.0
008 - CÓDIGOS DE INFORMACIÓN DE LONGITUD FIJA
Códigos de información de longitud fija 140214b2021 slv spa
040 ## - FUENTE DE LA CATALOGACIÓN
Centro transcriptor BMC
082 ## - NÚMERO DE LA CLASIFICACIÓN DECIMAL DEWEY
Númeroo de clasificación 362.173
100 1# - PUNTO DE ACCESO PRINCIPAL-NOMBRE DE PERSONA
9 (RLIN) 45832
Nombre de persona Morales Bueno, Katherine Marisol
245 10 - MENCIÓN DE TÍTULO
Título Importancia del cuidado preconcepcional para un buen desarrollo fetal
Resto del título : Investigación, Informe final
Mención de responsabilidad, etc. Katherine Marisol Morales Bueno, María Gabriela Ventura Bran
260 ## - PUBLICACIÓN, DISTRIBUCIÓN, ETC. (PIE DE IMPRENTA)
Lugar de publicación, distribución, etc. Santa Ana (El Salvador)
Nombre del editor, distribuidor, etc. Universidad Católica de El Salvador
Fecha de publicación, distribución, etc. 2021
300 ## - DESCRIPCIÓN FÍSICA
Extensión 53 h.
Dimensiones 28 cm
Material anejo + 1 disco compacto
500 ## - NOTA GENERAL
Nota general Precede al tít.: Universidad Católica de El Salvador, Facultad de Ciencias de la Salud. Escuela de enfermería
502 ## - NOTA DE TESIS
Nota de tesis Para optar al grado académico de: Licenciatura en enfermería
650 20 - PUNTO DE ACCESO ADICIONAL DE MATERIA - TÉRMINO DE MATERIA
9 (RLIN) 24102
Término de materia o nombre geográfico como elemento inicial Enfermería de atención primaria
700 1# - PUNTO DE ACCESO ADICIONAL - NOMBRE DE PERSONA
9 (RLIN) 45833
Nombre de persona Ventura Bran, María Gabriela
710 2# - PUNTO DE ACCESO ADICIONAL - NOMBRE DE ENTIDAD
9 (RLIN) 19917
Nombre de entidad o nombre de jurisdicción como elemento inicial Universidad Católica de El Salvador
Unidad subordinada Escuela de Ciencias de la Salud
942 ## - ENTRADA DE ELEMENTOS AGREGADOS (KOHA)
Fuente de clasificaión o esquema Dewey Decimal Classification
Koha [por defecto] tipo de item 4- Trabajo de Graduación
Existencias
Suprimido Perdido Fuente de clasificación o esquema Estropeado Restricciones de uso No para préstamo Código de colección Localización permanente Localización actual Localización en estanter&íacute;as Fecha adquisición Fuente de adquisición Número de inventario Préstamos totales Signatura completa Código de barras Fecha última consulta Número de copia Fecha del precio de reemplazo Tipo de item de Koha
NULL NULL Dewey Decimal Classification NULL Prestable NULL NULL Biblioteca Centro Regional de Ilobasco Biblioteca Centro Regional de Ilobasco Sala Principal 26/06/2024 Donación - Katherine Marisol Morales Bueno, María Gabriela Ventura Bran 000284   IN-000284 1052171 26/06/2024   26/06/2024 4- Trabajo de Graduación
NULL NULL Dewey Decimal Classification NULL Prestable NULL NULL Biblioteca Miguel de Cervantes - UNICAES Biblioteca Miguel de Cervantes - UNICAES Sala Principal 30/09/2021 Donación - Katherine Marisol Morales Bueno, María Gabriela Ventura Bran 000744   I-000744 1049151 05/11/2021 1 05/11/2021 4- Trabajo de Graduación